Land-ocean interaction : measuring and modelling fluxes from river basins to coastal seas

Αποθηκεύτηκε σε:
Λεπτομέρειες βιβλιογραφικής εγγραφής
Άλλοι συγγραφείς: Huntley, David A. (Επιμελητής έκδοσης), Leeks, Graham (Επιμελητής έκδοσης), Walling, D. E. (Επιμελητής έκδοσης)
Μορφή: Βιβλίο
Γλώσσα:English
Δημοσίευση: London : IWA Pub., 2001
Θέματα:
Ετικέτες: Προσθήκη ετικέτας
Δεν υπάρχουν, Καταχωρήστε ετικέτα πρώτοι!

MARC

LEADER 00000nam a2200000 i 4500
001 1/87041
008 080529s2001 eng d
020 |a 1-900222-10-8 
035 |l 10097784 
040 |a GR-MY-UA  |b gre  |e aacr 
041 0 |a eng 
082 0 |a 551.4618  |2 (22) 
245 1 0 |a Land-ocean interaction :  |b measuring and modelling fluxes from river basins to coastal seas /  |c edited by David A. Huntley, Graham J.L. Leeks and Des E. Walling 
260 |a London :   |b IWA Pub.,   |c 2001 
300 |a xii, 286 σ.;  |b εικ. (μερ. έγχρ.), χάρτες, πίν.;  |c 24 εκ. 
504 |a Περιέχει βιβλιογραφικές παραπομπές και ευρετήριο 
650 0 0 |a Estuarine ecology  |z Great Britain. 
650 0 0 |a Coastal ecology  |z Great Britain. 
650 0 0 |a Stream ecology  |z Great Britain. 
650 0 0 |a Estuaries  |z Great Britain. 
651 0 |a Humber, River (England) 
651 0 |a Tweed River (Scotland and England) 
700 1 |a Huntley, David A.  |4 edt 
700 1 |a Leeks, Graham.  |4 edt 
700 1 |a Walling, D. E.  |4 edt 
852 |a INST  |b LESVOS  |e 20080529  |h 551.4618 LAN  |p 005100042329  |q 005100042329  |t BK  |y 0 
901 |a BIBL1-2008-2 
909 |a Λ  |b 152665 
922 |a 1ΕΛΗ  |b 200803  |c ΕΠΕΑΕΚ2/ΤΕΘ  |d ΕΛΕΥΘΕΡΟΥΔΑΚΗΣ 
970 |a ΓΙΑΛΑΜΑ  |b ΜΑΡΙΑ  |z 2008/05/29